000 00228 a2200097 4500
001 34750
100 _aHarmer J
245 _aThe practice of English Language
260 _aEngland
_bLongman Group ltd
_c
090 _c23031
_d23031
942 _aNUST-CAE
_cM
_c14483
999 _c269823
_d269823